<?xml version="1.0" encoding="UTF-8"?>
<record
    xmlns:xsi="http://www.w3.org/2001/XMLSchema-instance"
    xsi:schemaLocation="http://www.loc.gov/MARC21/slim http://www.loc.gov/standards/marcxml/schema/MARC21slim.xsd"
    xmlns="http://www.loc.gov/MARC21/slim">

  <leader>00719cam a2200217 a 4500</leader>
  <datafield tag="999" ind1=" " ind2=" ">
    <subfield code="c">58015</subfield>
    <subfield code="d">58015</subfield>
  </datafield>
  <controlfield tag="001">16704219</controlfield>
  <controlfield tag="005">20221114113140.0</controlfield>
  <controlfield tag="008">110323s2013    maua     b    001 0 eng  </controlfield>
  <datafield tag="020" ind1=" " ind2=" ">
    <subfield code="a">9781449637514x</subfield>
  </datafield>
  <datafield tag="041" ind1=" " ind2=" ">
    <subfield code="a">eng</subfield>
  </datafield>
  <datafield tag="080" ind1=" " ind2=" ">
    <subfield code="a">576.3 P-93</subfield>
  </datafield>
  <datafield tag="100" ind1="1" ind2=" ">
    <subfield code="a">Plopper, George.</subfield>
    <subfield code="9">11625</subfield>
  </datafield>
  <datafield tag="245" ind1="1" ind2="0">
    <subfield code="a">Principles of cell biology /</subfield>
    <subfield code="c">George Plopper.</subfield>
  </datafield>
  <datafield tag="264" ind1=" " ind2=" ">
    <subfield code="a">Burlington, MA :</subfield>
    <subfield code="b">Jones &amp; Bartlett Learning,</subfield>
    <subfield code="c">2013.</subfield>
  </datafield>
  <datafield tag="300" ind1=" " ind2=" ">
    <subfield code="a">510 p. :</subfield>
    <subfield code="b">col. ill ;</subfield>
    <subfield code="c">28 cm.</subfield>
  </datafield>
  <datafield tag="504" ind1=" " ind2=" ">
    <subfield code="a">Includes bibliographical references and index.</subfield>
  </datafield>
  <datafield tag="653" ind1=" " ind2=" ">
    <subfield code="a">Principles of cell biology</subfield>
  </datafield>
  <datafield tag="653" ind1=" " ind2=" ">
    <subfield code="a">&#x10D1;&#x10D8;&#x10DD;&#x10DA;&#x10DD;&#x10D2;&#x10D8;&#x10D0;</subfield>
  </datafield>
  <datafield tag="653" ind1=" " ind2=" ">
    <subfield code="a">&#x10E3;&#x10EF;&#x10E0;&#x10D4;&#x10D3;&#x10D8;&#x10E1; &#x10D1;&#x10D8;&#x10DD;&#x10DA;&#x10DD;&#x10D2;&#x10D8;&#x10D8;&#x10E1; &#x10DE;&#x10E0;&#x10D8;&#x10DC;&#x10EA;&#x10D8;&#x10DE;&#x10D4;&#x10D1;&#x10D8;</subfield>
  </datafield>
  <datafield tag="942" ind1=" " ind2=" ">
    <subfield code="2">udc</subfield>
    <subfield code="c">BK</subfield>
  </datafield>
  <datafield tag="952" ind1=" " ind2=" ">
    <subfield code="0">0</subfield>
    <subfield code="1">0</subfield>
    <subfield code="2">udc</subfield>
    <subfield code="4">0</subfield>
    <subfield code="6">5763_P93</subfield>
    <subfield code="7">0</subfield>
    <subfield code="9">90269</subfield>
    <subfield code="a">CPL</subfield>
    <subfield code="b">CPL</subfield>
    <subfield code="c">GEN</subfield>
    <subfield code="d">2021-04-26</subfield>
    <subfield code="g">102.00</subfield>
    <subfield code="o">576.3 P-93</subfield>
    <subfield code="p">54248</subfield>
    <subfield code="r">2021-04-26</subfield>
    <subfield code="t">54248</subfield>
    <subfield code="w">2021-04-26</subfield>
    <subfield code="y">BK</subfield>
    <subfield code="z">102.00 GEL.</subfield>
  </datafield>
  <datafield tag="952" ind1=" " ind2=" ">
    <subfield code="0">0</subfield>
    <subfield code="1">0</subfield>
    <subfield code="2">udc</subfield>
    <subfield code="4">0</subfield>
    <subfield code="6">5763_P93</subfield>
    <subfield code="7">0</subfield>
    <subfield code="9">90270</subfield>
    <subfield code="a">CPL</subfield>
    <subfield code="b">CPL</subfield>
    <subfield code="c">GEN</subfield>
    <subfield code="d">2021-04-26</subfield>
    <subfield code="g">102.00</subfield>
    <subfield code="o">576.3 P-93</subfield>
    <subfield code="p">54249</subfield>
    <subfield code="r">2021-04-26</subfield>
    <subfield code="t">54249</subfield>
    <subfield code="w">2021-04-26</subfield>
    <subfield code="y">BK</subfield>
    <subfield code="z">102.00 GEL.</subfield>
  </datafield>
  <datafield tag="952" ind1=" " ind2=" ">
    <subfield code="0">0</subfield>
    <subfield code="1">0</subfield>
    <subfield code="2">udc</subfield>
    <subfield code="4">0</subfield>
    <subfield code="6">5763_P93</subfield>
    <subfield code="7">0</subfield>
    <subfield code="9">90271</subfield>
    <subfield code="a">CPL</subfield>
    <subfield code="b">CPL</subfield>
    <subfield code="c">GEN</subfield>
    <subfield code="d">2021-04-26</subfield>
    <subfield code="g">102.00</subfield>
    <subfield code="o">576.3 P-93</subfield>
    <subfield code="p">54250</subfield>
    <subfield code="r">2021-04-26</subfield>
    <subfield code="t">54250</subfield>
    <subfield code="w">2021-04-26</subfield>
    <subfield code="y">BK</subfield>
    <subfield code="z">102.00 GEL.</subfield>
  </datafield>
</record>
